[Event "POLFINAL MISTRZOSTW POLSKI JUNIOROW 2019 - C15"]
[Site "Ustron"]
[Date "1899-12-30"]
[Round "9.12"]
[White "Labedz, Dawid"]
[Black "Kozubek, Krystian"]
[Result "1/2-1/2"]
[WhiteTitle "II"]
[BlackTitle "II+"]
[WhiteElo "1468"]
[BlackElo "1545"]

1. e4 c6 2. d4 d5 3. exd5 cxd5 4. Bd3 Nf6 5. Ne2 Bg4 6. O-O e6 7. c3 Bd6 8. Qe1
Bh5 9. f3 Bg6 10. Bxg6 hxg6 11. Bf4 Bxf4 12. Nxf4 Qd6 13. Qg3 Nc6 14. Re1 O-O-O
15. Nd2 Nh5 16. Nxh5 Rxh5 17. Qxd6 Rxd6 18. Nb3 Rh8 19. Re2 b6 20. a4 Kb7 21.
h3 Ka6 22. Kf2 Na5 23. Nd2 Rc8 24. b4 Nc4 25. b5+ Kb7 26. Nxc4 Rxc4 27. Ra3 Rd8
28. Ke3 Rdc8 29. Kd3 a5 30. f4 Kc7 31. Re3 1/2-1/2

[Event "POLFINAL MISTRZOSTW POLSKI JUNIOROW 2019 - C15"]
[Site "Ustron"]
[Date "1899-12-30"]
[Round "9.13"]
[White "Kitewski, Bartosz"]
[Black "Zielinski, Sebastian"]
[Result "1/2-1/2"]
[WhiteTitle "I"]
[BlackTitle "II+"]
[WhiteElo "1674"]
[BlackElo "1517"]

1. d4 Nf6 2. c4 e5 3. dxe5 Ng4 4. Bf4 g5 5. Bg3 Nc6 6. Nf3 Bg7 7. h4 h6 8. hxg5
hxg5 9. Rxh8+ Bxh8 10. Nc3 Ngxe5 11. Qc2 d6 12. Qh7 Nxf3+ 13. gxf3 Bxc3+ 14. bxc3
Be6 15. c5 Qf6 16. Rc1 O-O-O 17. cxd6 cxd6 18. Bh3 Rh8 19. Bxe6+ fxe6 20. Qd3
Rh1+ 21. Kd2 Rxc1 22. Kxc1 e5 23. Qc4 Kd7 24. Qb3 Kc7 25. Qd5 a6 26. c4 b6 27.
Qd3 Nd8 28. Qh7+ Kc6 29. Qe4+ Kc7 30. Qh7+ Kc6 31. Qe4+ Kc7 32. Qh7+ 1/2-1/2

[Event "POLFINAL MISTRZOSTW POLSKI JUNIOROW 2019 - C15"]
[Site "Ustron"]
[Date "1899-12-30"]
[Round "9.14"]
[White "Krasniewski, Szymon"]
[Black "Sawicki, Wojciech"]
[Result "1-0"]
[WhiteTitle "I"]
[BlackTitle "II"]
[WhiteElo "1662"]
[BlackElo "1439"]

1. e4 e5 2. f4 d5 3. exd5 e4 4. d3 Qxd5 5. Nc3 Bb4 6. Bd2 Bxc3 7. Bxc3 f6 8. dxe4
Qxe4+ 9. Qe2 Qxe2+ 10. Bxe2 Be6 11. Nf3 Ne7 12. Nd4 Bd7 13. Bc4 Nbc6 14. O-O-O
O-O-O 15. Ne6 Bxe6 16. Bxe6+ Kb8 17. Bd7 a6 18. Rd2 b6 19. Rhd1 Kb7 20. g4 Nb8
21. g5 Rxd7 22. Rxd7 Nxd7 23. Rxd7 Re8 24. gxf6 gxf6 25. Bxf6 Ng6 26. f5 Nf8 27.
Rf7 Kc6 28. Be7 Nd7 29. Rxh7 Ne5 30. f6 Kd7 31. f7 Nxf7 32. Rxf7 Rxe7 33. Rxe7+
Kxe7 34. Kd2 Kf6 35. Ke3 Kf5 36. Kd4 c6 37. a4 a5 38. h4 Kg4 39. Ke5 b5 40. Kd6
1-0

[Event "POLFINAL MISTRZOSTW POLSKI JUNIOROW 2019 - C15"]
[Site "Ustron"]
[Date "1899-12-30"]
[Round "9.15"]
[White "Kopczynski, Alan"]
[Black "Werner, Kacper"]
[Result "0-1"]
[WhiteTitle "II+"]
[BlackTitle "II"]
[WhiteElo "1501"]
[BlackElo "1573"]

1. e4 c5 2. Nf3 d6 3. d4 cxd4 4. Nxd4 Nf6 5. Nc3 a6 6. Be2 e6 7. Be3 Qc7 8. Qd2
Be7 9. O-O-O b5 10. Bf3 Bb7 11. Qd3 Nbd7 12. g4 Nc5 13. Qe2 Nfxe4 14. Nxe4 Nxe4
15. Kb1 Qc4 16. Rd3 Bd5 17. Nb3 Nf6 18. Bg5 Bxf3 19. Qxf3 Qe4 20. Qxe4 Nxe4 21.
Be3 O-O 22. f3 Nf6 23. Rhd1 Nd7 24. f4 Rac8 25. c3 Rc7 26. Nc1 Nc5 27. Rd4 d5
28. Nd3 Nxd3 29. R4xd3 Rd7 30. Bd4 Bd6 31. Be3 Bc7 32. h3 Rfd8 33. Kc2 f6 34.
b3 Kf7 35. c4 bxc4 36. bxc4 Ke7 37. cxd5 Rxd5 38. Rxd5 Rxd5 39. Rxd5 exd5 40.
Kd3 Kd6 41. Bd4 Kc6 42. a4 Bxf4 0-1

[Event "POLFINAL MISTRZOSTW POLSKI JUNIOROW 2019 - C15"]
[Site "Ustron"]
[Date "1899-12-30"]
[Round "9.16"]
[White "Wieczorek, Karol"]
[Black "Nowak, Maciej"]
[Result "0-1"]
[WhiteTitle "I"]
[BlackTitle "II"]
[WhiteElo "1549"]
[BlackElo "1564"]

1. d4 Nf6 2. c4 e6 3. Nf3 d5 4. e3 Be7 5. a3 a5 6. Nc3 O-O 7. Be2 b6 8. cxd5 exd5
9. O-O Bg4 10. h3 Bh5 11. Bd2 Nbd7 12. Rc1 c5 13. dxc5 Nxc5 14. Ne5 Bxe2 15. Qxe2
Rc8 16. Rfd1 Bd6 17. Nf3 Nb3 18. Rb1 Re8 19. Qb5 Nxd2 20. Rxd2 Bxa3 21. Nxd5 Bc5
22. Nxf6+ Qxf6 23. Rbd1 g6 24. Rd7 Red8 25. Qd3 Be7 26. Qb5 Rxd7 27. Qxd7 Rd8
28. Qa4 Rxd1+ 29. Qxd1 Qxb2 30. Qd7 Qc1+ 31. Kh2 Qc5 32. Qe8+ Kg7 33. Nd4 Qe5+
34. Kg1 Bd6 35. Qd7 Qe7 36. Qg4 Qc7 37. g3 Qc1+ 38. Kh2 Qb1 39. Qd7 Qb4 40. Ne6+
Kf6 41. Nd8 Be7 42. Nc6 Qd6 43. Qe8 Qc7 44. e4 Bd6 45. f4 Kg7 46. e5 Bc5 47. e6
fxe6 48. Nd8 Qe7 49. Nxe6+ Kf6 50. Qg8 Qxe6 51. Qh8+ Ke7 52. Qg7+ Kd8 53. Qh8+
Kc7 54. Qg7+ Kc6 0-1

[Event "POLFINAL MISTRZOSTW POLSKI JUNIOROW 2019 - C15"]
[Site "Ustron"]
[Date "1899-12-30"]
[Round "9.17"]
[White "Czarniecki, Pawel"]
[Black "Zurawski, Mateusz"]
[Result "1-0"]
[WhiteTitle "II+"]
[BlackTitle "II"]
[WhiteElo "1561"]
[BlackElo "1522"]

1. e4 e6 2. d4 d5 3. exd5 exd5 4. Bd3 Nc6 5. c3 Bd6 6. Ne2 Nge7 7. Bf4 O-O 8. Qc2
Ng6 9. Bxd6 Qxd6 10. Nd2 Nce7 11. O-O-O h6 12. g3 c5 13. h4 c4 14. Bxg6 fxg6 15.
f3 b5 16. g4 a5 17. h5 g5 18. Rde1 b4 19. Ng3 Ra7 20. Rhg1 a4 21. cxb4 Qxb4 22.
Qc3 Nc6 23. Re3 Qb6 24. Ne2 Bd7 25. a3 Rb7 26. Kc2 Na5 27. Nc1 Rc8 28. Na2 Nc6
29. Nb4 Nxd4+ 30. Kb1 Bc6 31. Rge1 Nb5 32. Qc2 Nc7 33. Qg6 Bb5 34. Qf5 Rbb8 35.
Nxd5 Nxd5 36. Qxd5+ Kh8 37. Re6 Bc6 38. Qe5 c3 39. Nc4 Qb3 40. Rxh6+ Kg8 41. Qe6+
1-0

[Event "POLFINAL MISTRZOSTW POLSKI JUNIOROW 2019 - C15"]
[Site "Ustron"]
[Date "1899-12-30"]
[Round "9.18"]
[White "Komisarski, Jerzy"]
[Black "Jedrzejczak, Michal"]
[Result "0-1"]
[WhiteTitle "II"]
[BlackTitle "II"]
[WhiteElo "1251"]
[BlackElo "1434"]

1. f4 d5 2. e3 c5 3. d4 Nf6 4. c3 Nbd7 5. Bd3 e6 6. Nf3 Be7 7. Nbd2 O-O 8. O-O
Ng4 9. Qe2 c4 10. Bc2 f5 11. Ne5 Ngf6 12. Rf3 Ne4 13. Rh3 Qe8 14. Nxe4 fxe4 15.
Ba4 Rb8 16. Qg4 Nxe5 17. fxe5 Qxa4 18. Qh5 h6 19. Rg3 Qc2 20. h4 Qf2+ 21. Kh2
Kh8 22. Rg6 Qf5 23. Qxf5 Rxf5 24. g4 Rf3 25. Bd2 Rf2+ 26. Kg3 Rxd2 27. Rf1 Bd7
28. Rf7 Be8 29. Rfxg7 Bxg6 30. Rxg6 Rf8 31. Rxh6+ Kg7 32. g5 Rh8 33. Rxe6 Kf7
34. Rh6 Rxh6 35. gxh6 Kg6 36. Kg4 Re2 37. h5+ Kxh6 38. Kf5 Rxe3 39. Ke6 Rd3 40.
Kxd5 e3 41. Kxc4 Rd2 42. d5 e2 43. d6 Bxd6 44. exd6 e1=Q 45. Kc5 Qe5+ 46. Kc4
a6 47. b4 Qd5# 0-1

[Event "POLFINAL MISTRZOSTW POLSKI JUNIOROW 2019 - C15"]
[Site "Ustron"]
[Date "1899-12-30"]
[Round "9.19"]
[White "Kuczmik, Pawel"]
[Black "Szafranski, Maciej"]
[Result "0-1"]
[WhiteTitle "II"]
[BlackTitle "II+"]
[WhiteElo "1162"]
[BlackElo "1412"]

1. e4 c5 2. Nc3 e6 3. d3 Be7 4. g3 a6 5. Bg2 d6 6. Nge2 Nd7 7. O-O Ngf6 8. f4 Rb8
9. h3 b5 10. a3 Nb6 11. g4 Bb7 12. Ng3 d5 13. e5 Nfd7 14. f5 Nxe5 15. Nh5 g6 16.
Ng7+ Kd7 17. fxe6+ fxe6 18. Bf4 Bd6 19. d4 cxd4 20. Nxe6 Kxe6 21. Qxd4 Qc7 22.
Rae1 Rhf8 23. g5 Bc5 24. Rxe5+ Qxe5 25. Qxc5 Rxf4 26. Qxb6+ Kd7 27. Rxf4 Qxf4
28. Nxd5 Bxd5 29. Qa7+ Rb7 0-1

[Event "POLFINAL MISTRZOSTW POLSKI JUNIOROW 2019 - C15"]
[Site "Ustron"]
[Date "1899-12-30"]
[Round "9.20"]
[White "Wleklik, Mateusz"]
[Black "Zakrzewicz, Kacper"]
[Result "1-0"]
[WhiteTitle "II"]
[BlackTitle "II"]
[WhiteElo "1259"]
[BlackElo "1394"]

1. e4 c6 2. d4 d5 3. Nc3 dxe4 4. Nxe4 Bf5 5. Ng3 Bg6 6. h4 h6 7. h5 Bh7 8. Nf3
Nd7 9. Bd3 Bxd3 10. Qxd3 Ngf6 11. Bd2 e6 12. O-O-O Bd6 13. Kb1 Qc7 14. Ne4 Nxe4
15. Qxe4 Nf6 16. Qe2 b5 17. Ne5 a5 18. Rde1 b4 19. Bf4 O-O 20. g4 Nd5 21. Bd2
Rfc8 22. Nd3 Qb6 23. g5 hxg5 24. Bxg5 Rab8 25. h6 Nc3+ 26. bxc3 bxc3+ 27. Ka1
Ba3 28. Rb1 Bb2+ 29. Rxb2 cxb2+ 30. Kb1 Qxd4 31. hxg7 Qxg7 32. Bf4 Rb5 33. Be5
f6 34. Bd4 Kf7 35. Nc5 Re8 36. Ne4 Rh8 37. Re1 1-0

[Event "POLFINAL MISTRZOSTW POLSKI JUNIOROW 2019 - C15"]
[Site "Ustron"]
[Date "1899-12-30"]
[Round "9.21"]
[White "Kopestynski, Michal"]
[Black "Sloniec, Adrian"]
[Result "1/2-1/2"]
[WhiteTitle "II"]
[BlackTitle "II"]
[WhiteElo "1248"]
[BlackElo "1383"]

1. e4 c5 2. Nc3 e6 3. f4 d5 4. Nf3 Nc6 5. Bb5 a6 6. Bxc6+ bxc6 7. O-O Be7 8. d3
Nf6 9. Qe1 O-O 10. Qg3 a5 11. e5 Ne8 12. b3 Ba6 13. Na4 Bb5 14. Nc3 Qb6 15. Kh1
c4 16. dxc4 dxc4 17. Rd1 cxb3 18. axb3 Nc7 19. Ne4 Rfd8 20. Bb2 Be2 21. Re1 Bxf3
22. gxf3 Kh8 23. Rg1 Rg8 24. Nd6 Raf8 25. f5 f6 26. exf6 Bxf6 27. Bxf6 Rxf6 28.
fxe6 Nxe6 29. Qe5 Qd4 30. Qxe6 Qxd6 31. Qxd6 Rxd6 32. Rxa5 h6 1/2-1/2